Plant anatomy (Record no. 81958)

MARC details
000 -LEADER
fixed length control field 00539nam a2200145 a 4500
008 - FIXED-LENGTH DATA ELEMENTS--GENERAL INFORMATION
fixed length control field 130321s1988 ||||||||||||||||| || u
020 ## - INTERNATIONAL STANDARD BOOK NUMBER
International Standard Book Number 9781932846171
050 ## - LIBRARY OF CONGRESS CALL NUMBER
Classification number QK 641 Mau
100 ## - MAIN ENTRY--PERSONAL NAME
Personal name Mauseth, James D
245 10 - TITLE STATEMENT
Title Plant anatomy
Statement of responsibility, etc. by James D. Mauseth
260 ## - PUBLICATION, DISTRIBUTION, ETC.
Place of publication, distribution, etc. Caldwell, New Jersey:
Name of publisher, distributor, etc. The Blackburn Press
Date of publication, distribution, etc. 1988
300 ## - PHYSICAL DESCRIPTION
Extent xiv, 560p.: ill.
650 ## - SUBJECT ADDED ENTRY--TOPICAL TERM
Topical term or geographic name entry element ANATOMY--PLANTS
995 ## -
-- MAIN LIBRARY OPEN ACCESS
-- 743492
-- CBU-MAIN LIBRARY (Kitwe)
-- QK 641 Mau
-- 2
-- AVAILABLE
-- Apr 30, 2013
-- 743492
-- Main Library Open Access Collection
999 ## -
-- 81958
-- 81958
Holdings
Withdrawn status Lost status Source of classification or shelving scheme Damaged status Not for loan Permanent Location Current Location Shelving location Date acquired Total Checkouts Full call number Barcode Date last seen Date last checked out Copy number Price effective from Koha item type
          CBU-MAIN LIBRARY, KITWE. CBU-MAIN LIBRARY, KITWE.   09/12/2023 1 QK 641 Mau 743492 05/07/2025 04/22/2025 1 09/12/2023 MONOGRAPH